1298 1037 1127 1347 1709 1491 1550 1318 1133 1479 1576 1148 1376 1188 1999 1820 1778 1324 1600 1805 1382 1631 1725 1244 1801 1808 1235 1510 1149 1390 1848 1444 1067 1531 1438 1977 1633 1753 1556 1215 1721 1734 1978 1568 1943 1274 1168 1416 1485 1903 1283 1745 1486 1273 1495 1399 1510 1171 1377 1614 1698 1110 1606 1101 1475 1014 1884 1675 1257 1411 1435 1968 1943 1433 1879 1640 1935 1443 1277 1631 1548 1510 1405 1801 1132 1413 1022 1513 1520 1285 1993 1976 1676 1467 1963 1705 1744 1942 1400 BCNSPRNW ULIB Ver.6.0+V

เปลี่ยนเป็นภาษาไทย

Change to English
 แสดงรายละเอียดบรรณานุกรม
  กลับหน้าหลัก

Brief Record : Get Marc (ISO 2709) : E-mail record : QR code < ปิดหน้าต่าง
LEADER : 00000nam 2200000uu 4500
001    13399125880
003     ULIB
008    170921s2558||||th 000 0 tha d
020    ^a9786169168195 (ล.1)
060  4 ^aWX162^bค695^cล.1
245 00 ^aคู่มือหลักสูตรความปลอดภัยของผู้ป่วยขององค์การอนามัยโลก(เล่ม1) :^bฉบับสหวิชาชีพ (ฉบับภาษาไทย) /^cสถาบันรับรองคุณภาพสถานพยาบาล (องค์การมหาชน)
260    ^aนนทบุรี :^bสถาบันรับรองคุณภาพสถานพยาบาล (องค์การมหาชน),^c2558
300    ^a5 เล่ม :^bภาพประกอบ ;^c24 ซม.
504    ^aเอกสารอ้างอิงท้ายบท.
505 0  ^aล.5 ส่วน B หัวข้อของคู่มือหลักรสูตร บทนำต่อหัวข้อที่ 9-11 หัวข้อที่ 9-11
505 0  ^aล.4 ส่วน B หัวข้อของคู่มือหลักรสูตร หัวข้อที่ 5-8
505 0  ^aล.3 ส่วน B หัวข้อของคู่มือหลักสูตร คำจำกัดความของแนวคิดที่สำคัญ ความหมายของสัญลักษณ์ บทนำ หัวข้อที่ 1-4
505 0  ^aล.2 ส่วน A คู่มือผู้สอน
505 0  ^aล.1คำนำ ที่มาของการแปล คำชี้แจงวิธีการแปล คำย่อ คำกล่าวนำ บทนำ และภาคผนวก
650  2 ^aHospital Administration.
650  2 ^aMedical Errors.
650  2 ^aPatient Care Management.
650  2 ^aRisk Management.
650  2 ^aSafety Management.
700 0  ^aสมพนธ์ ทัศนิยม^eบรรณาธิการ
700 0  ^aนิตย์ ทัศนิยม^eบรรณาธิการ
710 0  ^aสถาบันรับรองคุณภาพสถานพยาบาล (องค์การมหาชน)
945    ^p0^l0^i003312
999    ^aประนอม เกษจรัล
รายการนี้ยังไม่มีแท็ก
คุณยังไม่ได้ล็อกอิน คุณสามารถมีกิจกรรมร่วมกับเว็บไซต์ได้ แต่ต้องล็อกอินก่อน ::
  ล็อกอิน

รายการสื่อสารสนเทศ

ลำดับที่ ประเภท เลขเรียก/บาร์โค้ด สถานที่ สถานะ
1. วิทยาศาสตร์การแพทย์ และสุขภาพ
วิทยาศาสตร์การแพทย์ และสุขภาพ
สถานะ=หนังสือเก่า
WX162 ค695 ล.1 ฉ.1 
  Barcode: 003312
ห้องสมุดวิทยาเขตสวรรค์ประชารักษ์
►ส่วนจัดเก็บหนังสือเก่า สปร
บนชั้น
  ขอยืม

รายการใกล้เคียง
    หัวเรื่อง [Hospital Administration.]
    หัวเรื่อง [Medical Errors.]
    หัวเรื่อง [Patient Care Management.]
    หัวเรื่อง [Risk Management.]
    หัวเรื่อง [Safety Management.]

BibComment


ยังไม่เคยถูกคอมเมนท์

คอมเมนท์ทรัพยากรรายการนี้
  คอมเมนท์: คู่มือหลักสูตรคว..


 Copyright 2026. Bcnsprnw @Library